Cátedra abierta, aportes para pensar la violencia en las escuelas 2 : ciclo de videoconferencias /

Guardado en:
Formato: Libro
Publicado: Buenos Aires : Ministerio de Educación de la Nación, 2011
Materias:
Etiquetas: Agregar Etiqueta
Sin Etiquetas, Sea el primero en etiquetar este registro!
LEADER 01243nam a22001935a 4500
001 CEM.cems013687
005 20120612174036.0
008 130507s2011##################000#0#####d
003 CEMS
020 |a 9789500009003 
082 0 4 |a 371.5 
245 0 0 |a Cátedra abierta, aportes para pensar la violencia en las escuelas 2 :  |b ciclo de videoconferencias /  |c Observatorio Argentino de Violencia En Las Escuelas 
260 |a Buenos Aires :  |b Ministerio de Educación de la Nación,  |c 2011 
300 |a 176 p. 
505 0 |a Acerca de una ley estructurante y el "vivir juntos" en la escuela. Pensamientos en tiempos de tranfromación --La socialización tecnológica: los jóvenes mediáticos que recibe la escuela -- La condición juvenil enla America Latina contemporánea: biografías, incertidumbres y lugares --La educación y los modos de subjetivación, dispositivos éticos y dispositivos disciplinarios -- Violencia y desamparo --Violencia en las escuelas. Las relaciones intergeneracionales, los factores institucionales y la cuestión de la autoridad -- La discriminación también es violencia 
653 |a Educación 
653 |a Formación docente 
653 |a Violencia escolar 
859 |a CEMS  |b BIB. CEMS - 11 de abril  |h 371.5  |i Ob76  |p 26377.12  |t Ej.1